000 00605nam a22002177a 4500
005 20190809165224.0
008 190809b xxu||||| |||| 00| 0 eng d
020 _a9788131606728
_cRs.950.00
040 _aLoreto College
041 _aEnglish
082 _a305.4
_bPAN
100 _aPandey,Seema
245 _aWomen in contemporary Indian society
_cSeema Pandey
260 _aJaipur
_bRawat Publications
_c2015
300 _axix,276p
_b22cm
504 _aIncludes bibliographical references and index
650 _aSociology
650 _aWomen-Social conditions
850 _aLCLIB
942 _cBK
999 _c42337
_d92816